01330nam a22001817a 450000500170000004100080001708200230002524501180004826001030016630000090026944000410027852006250031965000320094465000320097694200120100899900170102095201110103720260130160646.0 aENG aRR 016.01136bDOC- aDocuments in microformb: a list of resources at SSDC, JNU, University of Bombay, ICSSR Regional Centre, Calcutta aNew Delhi:bSocial Science Documentation Centre, Indian Council of Social Science Research,c1985. an.d. aSSDC Research Information Series- 21 aThis highlights the growing importance of micro-forms in managing space constraints in libraries and preserving rare research materials. It lists micro-form collections available at SSDC, the ICSSR Regional Centre in Calcutta, and universities hosting other ICSSR Regional Centres, including old journal back-files, bibliographical tools, theses, and research reports. Compiled without altering contributors’ entries, the list reveals a rich and unique body of research material on Africa and India and aims to support researchers and information professionals, while inviting user suggestions for further improvement. aMicroformsxCatalogszIndia aDocumentationxBibliography 2ddccRB c39872d39872 00104071aNASSDOCbNASSDOCd1985-10-12l0oRR 016.01136 DOC-p19836r2026-01-30 12:52:38w1985-10-12yRB